[Event "Zelenograd-ch"]
[Site "Zelenograd"]
[Date "2016.09.26"]
[Round "11"]
[White "Lebedev, Sergey A"]
[Black "Burmistrov, Alexander"]
[Result "1/2-1/2"]
[WhiteElo "2120"]
[BlackElo "1867"]
[PlyCount "60"]
[EventDate "2016.09.19"]
[EventType "swiss"]
[EventRounds "11"]
[EventCountry "RUS"]
[SourceTitle "EXT 2017"]
[Source "ChessBase"]
[SourceDate "2016.10.25"]
[SourceVersion "1"]
[SourceVersionDate "2016.10.25"]
[SourceQuality "1"]

1. d4 d5 2. c4 dxc4 3. Qa4+ Nc6 4. e3 Qd5 5. Qxc4 Qxc4 6. Bxc4 Nf6 7. a3 Bf5 8. Nc3 e6 9. Nb5 0-0-0 10. b4 a5 11. bxa5 Nxa5 12. Ba2 Nd5 13. Bd2 Nc6 14. Bb3 Bd3 15. Nc3 Nxc3 16. Bxc3 Ne7 17. Ne2 Nd5 18. Bd2 Ba6 19. Nc3 Nxc3 20. Bxc3 Be7 21. f3 Bf6 22. Rc1 Rd7 23. Ba5 c6 24. Kf2 Bd8 25. Bb4 Be7 26. Bxe7 Rxe7 27. Rhd1 Rd8 28. Rc5 Kc7 29. Rdc1 Red7 30. h4 h6 1/2-1/2

[Event "Zelenograd-ch"]
[Site "Zelenograd"]
[Date "2016.09.22"]
[Round "7"]
[White "Lebedev, Sergey A"]
[Black "Fomichev, Sergey1"]
[Result "0-1"]
[WhiteElo "2120"]
[BlackElo "2051"]
[PlyCount "63"]
[EventDate "2016.09.19"]
[EventType "swiss"]
[EventRounds "11"]
[EventCountry "RUS"]
[SourceTitle "EXT 2017"]
[Source "ChessBase"]
[SourceDate "2016.10.25"]
[SourceVersion "1"]
[SourceVersionDate "2016.10.25"]
[SourceQuality "1"]

1. d4 d5 2. Nf3 Bf5 3. Bf4 e6 4. e3 Bd6 5. Bg5 Nf6 6. Bd3 Bg6 7. 0-0 Nbd7 8. a4 a5 9. Nc3 c5 10. Nb5 Be7 11. Bf4 0-0 12. Bxg6 hxg6 13. Bd6 Bxd6 14. Nxd6 Qb6 15. Nb5 Rac8 16. c3 Rfe8 17. Re1 e5 18. dxe5 Nxe5 19. Nxe5 Rxe5 20. Kh1 Rce8 21. Rc1 Ne4 22. Rc2 c4 23. Rce2 Nf6 24. h3 R8e7 25. Nd4 Rh5 26. f3 Qd6 27. Rg1 Rhe5 28. Rge1 Rh5 29. Rg1 Rh6 30. f4 Ne4 31. Qe1 Qd7 32. Qf1 0-1

[Event "Zelenograd-ch"]
[Site "Zelenograd"]
[Date "2016.09.22"]
[Round "6"]
[White "Maslov, Andrey"]
[Black "Lebedev, Sergey A"]
[Result "1/2-1/2"]
[WhiteElo "2063"]
[BlackElo "2120"]
[PlyCount "61"]
[EventDate "2016.09.19"]
[EventType "swiss"]
[EventRounds "11"]
[EventCountry "RUS"]
[SourceTitle "EXT 2017"]
[Source "ChessBase"]
[SourceDate "2016.10.25"]
[SourceVersion "1"]
[SourceVersionDate "2016.10.25"]
[SourceQuality "1"]

1. e4 d5 2. exd5 Qxd5 3. Nc3 Qd8 4. Nf3 g6 5. d4 Nh6 6. Bc4 Bg7 7. 0-0 0-0 8. Ne4 Nc6 9. c3 Na5 10. Bd3 b6 11. Re1 Bb7 12. Neg5 Bd5 13. Qe2 e6 14. Bd2 Nb7 15. Be4 Bxe4 16. Nxe4 Nd6 17. Bf4 Nxe4 18. Qxe4 Rc8 19. Rad1 Re8 20. h3 Nf5 21. g4 Nh4 22. Nxh4 Qxh4 23. Qe3 Qe7 24. Bg3 c6 25. f4 Qd7 26. Qf2 Qd5 27. a3 h5 28. Rf1 hxg4 29. hxg4 Qe4 30. Qf3 Qxf3 31. Rxf3 1/2-1/2

[Event "Zelenograd-ch"]
[Site "Zelenograd"]
[Date "2016.09.21"]
[Round "5"]
[White "Lebedev, Sergey A"]
[Black "Tubakin, Leonid"]
[Result "1/2-1/2"]
[WhiteElo "2120"]
[BlackElo "1981"]
[PlyCount "71"]
[EventDate "2016.09.19"]
[EventType "swiss"]
[EventRounds "11"]
[EventCountry "RUS"]
[SourceTitle "EXT 2017"]
[Source "ChessBase"]
[SourceDate "2016.10.25"]
[SourceVersion "1"]
[SourceVersionDate "2016.10.25"]
[SourceQuality "1"]

1. d4 d5 2. Bf4 e6 3. Nf3 c5 4. c3 Nc6 5. e3 Nf6 6. Nbd2 Bd6 7. Bg5 cxd4 8. cxd4 h6 9. Bh4 a6 10. a3 e5 11. dxe5 Nxe5 12. Be2 Ng6 13. Bg3 Bxg3 14. hxg3 0-0 15. 0-0 Qb6 16. Qb3 Qxb3 17. Nxb3 Ne4 18. Rfd1 Be6 19. Nbd4 Rac8 20. Rac1 Rxc1 21. Rxc1 Rc8 22. Rxc8+ Bxc8 23. Nc2 Bg4 24. Nb4 Ne7 25. Nd4 Bxe2 26. Nxe2 Nd2 27. Nc3 Nc4 28. Nd3 f6 29. Kf1 Kf7 30. Ke2 g5 31. a4 b6 32. Kd1 Ke6 33. Kc2 Ne5 34. b3 N7c6 35. Na2 a5 36. Kd2 1/2-1/2

[Event "Zelenograd-ch"]
[Site "Zelenograd"]
[Date "2016.09.20"]
[Round "3"]
[White "Petrov, Alexey"]
[Black "Lebedev, Sergey A"]
[Result "1-0"]
[WhiteElo "1998"]
[BlackElo "2120"]
[PlyCount "51"]
[EventDate "2016.09.19"]
[EventType "swiss"]
[EventRounds "11"]
[EventCountry "RUS"]
[SourceTitle "EXT 2017"]
[Source "ChessBase"]
[SourceDate "2016.10.25"]
[SourceVersion "1"]
[SourceVersionDate "2016.10.25"]
[SourceQuality "1"]

1. d4 d5 2. c4 c6 3. Nc3 Nf6 4. Nf3 g6 5. cxd5 Nxd5 6. e4 Nxc3 7. bxc3 Bg7 8. Bc4 e6 9. 0-0 0-0 10. Re1 Re8 11. e5 Nd7 12. Ng5 Nb6 13. Bb3 h6 14. Ne4 Kh7 15. Qf3 Re7 16. Qh3 Rc7 17. Bg5 Qf8 18. Rad1 Nd7 19. Rd3 Kg8 20. Bc1 Nb6 21. Rf3 Nd5 22. Nd6 b5 23. Bc2 f5 24. exf6 Nxf6 25. Nxc8 Qxc8 26. Bxg6 1-0

[Event "Nizhnij Novgorod Region-ch op"]
[Site "Nizhnij Novgorod"]
[Date "2008.10.??"]
[Round "6"]
[White "Shilnikov, Igor S"]
[Black "Lebedev, Sergey A"]
[Result "0-1"]
[WhiteElo "1974"]
[BlackElo "2220"]
[PlyCount "92"]
[EventDate "2008.10.04"]
[EventType "swiss"]
[EventRounds "9"]
[EventCountry "RUS"]
[SourceTitle "EXT 2022"]
[Source "ChessBase"]
[SourceDate "2021.10.06"]
[SourceVersion "1"]
[SourceVersionDate "2021.10.06"]
[SourceQuality "1"]

1. d4 Nf6 2. Nf3 g6 3. Bg5 Bg7 4. Nbd2 d6 5. e3 0-0 6. Be2 b6 7. c3 Bb7 8. 0-0 Nbd7 9. Qc2 c5 10. Rad1 Rc8 11. a4 a6 12. h3 Rc7 13. Bf4 Qa8 14. Bh2 Ne4 15. Nxe4 Bxe4 16. Qb3 Rfc8 17. c4 cxd4 18. exd4 e5 19. Ne1 exd4 20. Bxd6 Nc5 21. Qg3 Rd7 22. Bxc5 Rxc5 23. b3 h6 24. Bd3 Bc6 25. f4 Re7 26. Nc2 Qb8 27. Rde1 Rg5 28. Qxg5 hxg5 29. Rxe7 gxf4 30. Nb4 Bb7 31. Nd5 Bxd5 32. cxd5 Qd6 33. Rfe1 f3 34. Re8+ Kh7 35. Be4 fxg2 36. Kxg2 d3 37. Bf3 Bf6 38. R1e4 d2 39. Rc4 b5 40. axb5 axb5 41. Rc6 Qf4 42. Bd1 Bh4 43. Re2 Qg3+ 44. Kh1 Qe1+ 45. Kh2 Qxd1 46. Re4 Bf2 0-1

[Event "Nizhnij Novgorod Region-ch op"]
[Site "Nizhnij Novgorod"]
[Date "2008.10.??"]
[Round "8"]
[White "Stepanushkin, Alexander"]
[Black "Lebedev, Sergey A"]
[Result "1/2-1/2"]
[WhiteElo "2019"]
[BlackElo "2220"]
[PlyCount "57"]
[EventDate "2008.10.04"]
[EventType "swiss"]
[EventRounds "9"]
[EventCountry "RUS"]
[SourceTitle "EXT 2022"]
[Source "ChessBase"]
[SourceDate "2021.10.06"]
[SourceVersion "1"]
[SourceVersionDate "2021.10.06"]
[SourceQuality "1"]

1. d4 Nf6 2. Bg5 c5 3. d5 Qb6 4. Nc3 Qxb2 5. Bd2 Qb6 6. e4 d6 7. f4 g6 8. Nf3 Bg7 9. e5 dxe5 10. fxe5 Ng4 11. Rb1 Qd8 12. Bb5+ Kf8 13. e6 fxe6 14. dxe6 Bxe6 15. Ng5 Bc8 16. Qf3+ Nf6 17. Be3 h6 18. Nge4 Bg4 19. Qf2 Bf5 20. Bxc5 Nc6 21. Bxc6 bxc6 22. Rb7 Nd7 23. 0-0 Nxc5 24. Nxc5 Kg8 25. Ne2 Kh7 26. c3 Rf8 27. Qe3 Re8 28. Nd4 Bxd4 29. cxd4 1/2-1/2